000 01132cam a22002771 4500
001 26996
003 BD-RjUL
005 20211209051110.0
008 140324t1963 caub b 001 0 eng
035 _a(BD-RjUL)27067
040 _aDLC
_cWa
_dDLC
_dBD-RjUL
_beng
041 0 _aengara
082 0 0 _a956.91
_bIBC 1963
100 2 _aIbn Ṣaṣrā, Muḥammad ibn Muḥammad,
_dactive 1384-1397.
_982951
245 1 2 _aA chronicle of Damascus, 1389-1397 /
_cby Muḥammad ibn Muḥammad ibn Ṣaṣrā. The unique Bodleian Library manuscript of al-Durra al-Mudīʼa fī l-Dawla al-Ẓāhirīya (Laud or. MS 112) Translated, edited, and annotated by William M. Brinner
_nVolume-1
_pThe English Translation
260 _aBerkeley ;
_bUniversity of California,
_c1963.
300 _aV-1 (344 p.) ;
_c24 cm.
504 _aincludes bibliographical reference and index
505 0 _av. 1. The English translation.--v. 2. The Arabic text.
651 0 _aDamascus (Syria)
_xHistory.
_982818
700 1 _aBrinner, William M.,
_eed. and tr.
_982952
942 _2ddc
_cBK
999 _c26996
_d26996